000 00435nam a2200169Ia 4500
001 25238
005 20260414151136.0
008 260414t2014||||xx |||||||||||||| ||spa||
041 _aESP
082 _a346.41
_bB24
100 _aBarchi Velaochaga, Luciano
_eAUT
245 0 _aPonencias del V congreso internacional de derecho civil patrimonial
_b
260 _c2014
650 _aDER
654 _aCDE
942 _cLIB
_dJUS
_fJUS
_2ddc
_n
999 _c25238
_d25238